00315nam a2200097Ia 4500082001200000100002200012245006600034260006300100300001400163650004000177 aRK 0234 aKumbhar, Rajendra 0aCompilation of a guide to reference sources in social science c2013bIndian Council of Social Science Research, New Delhi aiii, 422p aREFERENCE SOURCES - SOCIAL SCIENCES